00242nam a2200097Ia 4500008004100000100001500041245003400056260003000090942000700120999001700127190216s9999||||xx |||||||||||||| ||und|| aAnvega M A 0aHindi-Yashpal Ki Kahani Katha bNational Publishing House cBK c18535d18535